Dora and the lost city of gold / (Record no. 251817)
[ view plain ]
| 000 -LEADER | |
|---|---|
| fixed length control field | 03882cgm a2200685Ii 4500 |
| 001 - CONTROL NUMBER | |
| control field | on1126284355 |
| 003 - CONTROL NUMBER IDENTIFIER | |
| control field | OCoLC |
| 005 - DATE AND TIME OF LATEST TRANSACTION | |
| control field | 20200106171141.0 |
| 007 - PHYSICAL DESCRIPTION FIXED FIELD--GENERAL INFORMATION | |
| fixed length control field | vd csaizq |
| 008 - FIXED-LENGTH DATA ELEMENTS--GENERAL INFORMATION | |
| fixed length control field | 191104s2019 cau102 j vleng d |
| 028 02 - PUBLISHER NUMBER | |
| Publisher number | 12611869 |
| 035 ## - SYSTEM CONTROL NUMBER | |
| System control number | 1256791 |
| 037 ## - SOURCE OF ACQUISITION | |
| Source of stock number/acquisition | Midwest Tape |
| Note | http://www.midwesttapes.com |
| 040 ## - CATALOGING SOURCE | |
| Original cataloging agency | TEFMT |
| Language of cataloging | eng |
| Transcribing agency | TEFMT |
| Modifying agency | TEF |
| Description conventions | rda |
| 041 1# - LANGUAGE CODE | |
| Language code of text/sound track or separate title | eng |
| -- | fre |
| -- | spa |
| Language code of original and/or intermediate translations of text | eng |
| 092 ## - LOCALLY ASSIGNED DEWEY CALL NUMBER (OCLC) | |
| Classification number | DORA |
| 245 00 - TITLE STATEMENT | |
| Title | Dora and the lost city of gold / |
| Statement of responsibility, etc | Paramount Pictures, Paramount Players and Nickelodeon Movies present in association with Walden Media and MRC ; produced by Kristin Burr ; screenplay by Nicholas Stoller and Matthew Robinson ; directed by James Bobin. |
| 250 ## - EDITION STATEMENT | |
| Edition statement | [English, French, Spanish version]. |
| 264 #1 - Production, Publication, Distribution, Manufacture, and Copyright Notice. | |
| Place of production, publication, distribution, manufacture | Los Angeles, California : |
| Name of producer, publisher, distributor, manufacturer | Paramount Home Entertainment, |
| Date of production, publication, distribution, manufacture, or copyr | [2019] |
| 300 ## - PHYSICAL DESCRIPTION | |
| Extent | 1 videodisc (102 min.) : |
| Other physical details | sound, color ; |
| Dimensions | 4 3/4 in. |
| 336 ## - Content Type | |
| Content type term | two-dimensional moving image |
| 337 ## - Media type | |
| Media type term | video |
| 338 ## - Carrier type | |
| Carrier type term | videodisc |
| 500 ## - GENERAL NOTE | |
| General note | Title from container. |
| 500 ## - GENERAL NOTE | |
| General note | Originally released as a motion picture in 2019. |
| 500 ## - GENERAL NOTE | |
| General note | Wide screen. |
| 500 ## - GENERAL NOTE | |
| General note | Special features: Deleted and extended scenes; bloopers; all about Dora; Can you say pelicula?; Dora in flower vision; Dora's jungle house. |
| 511 1# - PARTICIPANT OR PERFORMER NOTE | |
| Participant or performer note | Isabela Moner, Benicio Del Toro, Q'Orianka Kilcher, Eva Longoria, Danny Trejo, Michael Pena, Temuera Morrison, Eugenio Derbez, Jeffrey Wahlberg, Madeleine Madden. |
| 520 ## - SUMMARY, ETC. | |
| Summary, etc | Having spent most of her life exploring the jungle with her parents, nothing could prepare Dora for her biggest challenge yet: High School. When her parents mysteriously disappear while searching for the Lost City of Gold, Dora must swing into action and lead a group of ill-equipped high schoolers on a quest to save them. It is a high stakes mission as Dora and her new friends navigate the jungle, outrun treasure hunters and solve ancient puzzles to unlock the mystery of the fabled city. |
| 521 8# - TARGET AUDIENCE NOTE | |
| Target audience note | Rating: PG; for action and some impolite humor. |
| 538 ## - SYSTEM DETAILS NOTE | |
| System details note | Blu-ray, wide screen; Dolby Atmos (English), English audio description, 5.1 Dolby digital, (French, Spanish); 1080p high definition; requires Blu-ray player. |
| 546 ## - LANGUAGE NOTE | |
| Language note | English, French or Spanish dialogue; French or Spanish subtitles; subtitled for the deaf and hard of hearing (SDH); described video. |
| 600 00 - SUBJECT ADDED ENTRY--PERSONAL NAME | |
| Personal name | Dora, |
| Titles and other words associated with a name | the Explorer (Fictitious character) |
| Form subdivision | Juvenile films. |
| 9 (RLIN) | 5784071 |
| 650 #0 - SUBJECT ADDED ENTRY--TOPICAL TERM | |
| Topical term or geographic name as entry element | Explorers |
| General subdivision | Juvenile films. |
| 9 (RLIN) | 5810556 |
| 650 #0 - SUBJECT ADDED ENTRY--TOPICAL TERM | |
| Topical term or geographic name as entry element | Teenagers |
| General subdivision | Juvenile films. |
| 9 (RLIN) | 5810557 |
| 650 #0 - SUBJECT ADDED ENTRY--TOPICAL TERM | |
| Topical term or geographic name as entry element | Explorers |
| Form subdivision | Drama. |
| 9 (RLIN) | 5747314 |
| 650 #0 - SUBJECT ADDED ENTRY--TOPICAL TERM | |
| Topical term or geographic name as entry element | Teenagers |
| Form subdivision | Drama. |
| 9 (RLIN) | 5699059 |
| 650 #1 - SUBJECT ADDED ENTRY--TOPICAL TERM | |
| Topical term or geographic name as entry element | Explorers |
| Form subdivision | Drama. |
| 9 (RLIN) | 5747314 |
| 650 #1 - SUBJECT ADDED ENTRY--TOPICAL TERM | |
| Topical term or geographic name as entry element | Teenagers |
| Form subdivision | Drama. |
| 9 (RLIN) | 5699059 |
| 655 #7 - INDEX TERM--GENRE/FORM | |
| Genre/form data or focus term | Feature films. |
| Source of term | lcgft. |
| 9 (RLIN) | 102699 |
| 655 #7 - INDEX TERM--GENRE/FORM | |
| Genre/form data or focus term | Action and adventure films. |
| Source of term | lcgft. |
| 9 (RLIN) | 5674017 |
| 655 #7 - INDEX TERM--GENRE/FORM | |
| Genre/form data or focus term | Children's films. |
| Source of term | lcgft. |
| 9 (RLIN) | 5674336 |
| 700 1# - ADDED ENTRY--PERSONAL NAME | |
| Personal name | Bobin, James, |
| Relator term | film director. |
| 9 (RLIN) | 5810558 |
| 700 1# - ADDED ENTRY--PERSONAL NAME | |
| Personal name | Burr, Kristin, |
| Relator term | film producer. |
| 9 (RLIN) | 5810559 |
| 700 1# - ADDED ENTRY--PERSONAL NAME | |
| Personal name | Stoller, Nicholas, |
| Relator term | screenwriter. |
| 9 (RLIN) | 72953 |
| 700 1# - ADDED ENTRY--PERSONAL NAME | |
| Personal name | Robinson, Matthew, |
| Relator term | screenwriter. |
| 9 (RLIN) | 5810560 |
| 700 1# - ADDED ENTRY--PERSONAL NAME | |
| Personal name | Moner, Isabela, |
| Relator term | actor. |
| 9 (RLIN) | 5768183 |
| 700 1# - ADDED ENTRY--PERSONAL NAME | |
| Personal name | Toro, Benicio del, |
| Dates associated with a name | 1967- |
| Relator term | actor. |
| 9 (RLIN) | 66132 |
| 700 1# - ADDED ENTRY--PERSONAL NAME | |
| Personal name | Kilcher, Q'Orianka, |
| Relator term | actor. |
| 9 (RLIN) | 72937 |
| 700 1# - ADDED ENTRY--PERSONAL NAME | |
| Personal name | Longoria, Eva, |
| Dates associated with a name | 1975- |
| Relator term | actor. |
| 9 (RLIN) | 72351 |
| 710 2# - ADDED ENTRY--CORPORATE NAME | |
| Corporate name or jurisdiction name as entry element | Paramount Pictures Corporation, |
| Relator term | presenter. |
| 9 (RLIN) | 7712 |
| 710 2# - ADDED ENTRY--CORPORATE NAME | |
| Corporate name or jurisdiction name as entry element | Nickelodeon Movies, |
| Relator term | presenter. |
| 9 (RLIN) | 65622 |
| 710 2# - ADDED ENTRY--CORPORATE NAME | |
| Corporate name or jurisdiction name as entry element | Walden Media, |
| Relator term | presenter. |
| 9 (RLIN) | 69623 |
| 710 2# - ADDED ENTRY--CORPORATE NAME | |
| Corporate name or jurisdiction name as entry element | Paramount Home Entertainment (Firm), |
| Relator term | publisher. |
| 9 (RLIN) | 72161 |
| 730 02 - ADDED ENTRY--UNIFORM TITLE | |
| Uniform title | Dora and the lost city of gold (Motion picture) |
| 9 (RLIN) | 5807307 |
| 730 02 - ADDED ENTRY--UNIFORM TITLE | |
| Uniform title | Dora and the lost city of gold (Motion picture). |
| Language of a work | French. |
| 9 (RLIN) | 5810561 |
| 730 02 - ADDED ENTRY--UNIFORM TITLE | |
| Uniform title | Dora and the lost city of gold (Motion picture). |
| Language of a work | Spanish. |
| 9 (RLIN) | 5810562 |
| 907 ## - LOCAL DATA ELEMENT G, LDG (RLIN) | |
| a | .b419956906 |
| 942 ## - ADDED ENTRY ELEMENTS (KOHA) | |
| Source of classification or shelving scheme | Dewey Decimal Classification |
| Koha item type | Blu-ray digital video discs |
| Withdrawn status | Lost status | Source of classification or shelving scheme | Materials specified (bound volume or other part) | Damaged status | Not for loan | Collection code | Home library | Current library | Shelving location | Date acquired | Source of acquisition | Total Checkouts | Total Renewals | Full call number | Barcode | Date last seen | Date checked out | Cost, replacement price | Price effective from | Koha item type |
|---|---|---|---|---|---|---|---|---|---|---|---|---|---|---|---|---|---|---|---|---|
| Dewey Decimal Classification | 2 discs | Movies | Wasatch County Library | Wasatch County Library | Audio Visual Area | 06/05/2023 | Amazon | 8 | 8 | DVD Dora | 34301002019042 | 12/11/2025 | 12/10/2025 | 13.99 | 06/05/2023 | Blu-ray/DVD |
